000 01373nam0a22002891 4500
001 rc\818770
005 20041129091414.6
035 _a(NLR Aleph) 006001536
090 _a7233893
_c7233893
100 _a20041129d1984 u |0rusy50 ca
101 0 _arus
102 _aRU
105 _ay |||||||||
200 1 _aБиблиотечное дело в БССР
_eДокументы и материалы, 1941-1958
_fГос. б-ка БССР им. В.И. Ленина и др.
_g[Сост. Л.Н. Бурлак и др.]
_gРедкол.: К.С. Санько (отв. ред.) и др.]
210 _aМинск
_cВышэйшая школа
_d1984
215 _a287 с.
_d22
300 _aВ надзаг. также: Гл. арх. упр. при Совете Министров БССР, Ин-т истории партии при ЦК КПБ - фил. Ин-та марксизма-ленинизма при ЦК КПСС, Мин. ин-т культуры
300 _aЧасть текста: белорус.
320 _aБиблиогр.: с. 268
320 _aУказ.: предм., имен., геогр.: с. 269-286
702 1 _aБурлак
_bЛ. Н.
_4220
702 1 _aСанько
_bК. С.
_gКонстантин Семенович
_4340
801 0 _aRU
_bNLR
_gpsbo
801 1 _aRU
_bELAR
_2rusmarc
852 _aNLR
_bБ
_j6006/Б-595
942 _cBOOK
980 _aNB